000 00208 a2200097 4500
001 15154
100 _aHarrod R.F
245 _aInternational economics
260 _aLondon
_bNisbet
_c
090 _c11898
_d11898
942 _aNUST-CAE
_c2111
_cM
999 _c250227
_d250227